| 000 | 00367nam a2200145Ia 4500 | ||
|---|---|---|---|
| 008 | 230312s9999||||xx |||||||||||||| ||und|| | ||
| 082 |
_a297.63 _bIRF-L |
||
| 100 | _aIrfan ul Haq | ||
| 245 | 0 | _aLight Which Illuminated the Worlds | |
| 260 |
_bBABA Publishers _aLahore _c2007 |
||
| 300 | _a282 | ||
| 546 | _aEng. | ||
| 650 |
_aLiterature _vProphet as a Teacher |
||
| 942 | _cBK | ||
| 999 |
_c42 _d42 |
||